| 000 | 00861nam a2200205 a 4500 | ||
|---|---|---|---|
| 001 | 000867138 | ||
| 003 | AM-YeHGA | ||
| 005 | 20250617163420.0 | ||
| 008 | 120213s1960 un r 000 0 rus d | ||
| 040 | _aAM-YeHGA | ||
| 041 | 0 | _arus | |
| 245 | 0 | 0 |
_aСеменоводство сахарной свеклы / _cВАСХНИЛ; ВНИС; Редкол.: И.Ф. Бузанов и др. |
| 260 |
_aКиев : _bБ. и., _c1960. |
||
| 300 |
_a272 с. : _bрис., табл. ; _c23 см. |
||
| 650 | 1 | 4 | _aСахарная свекла |
| 700 | 1 |
_aБузанов, И.Ф. _eред. _4edt |
|
| 710 | 2 | _aВсесоюзная академия сельскохозяйственных наук им. В.И. Ленина | |
| 710 | 2 | _aВсесоюзный научно-исследовательский институт сахарной свеклы | |
| 090 | _c509658 | ||
| 999 |
_c506238 _d506238 |
||